=LDR 00000nam 2200000 4500 =001 INLIS000000000051256 =005 20170905023358 =035 ##$$a 0010-0917000060 =007 ta =008 170905###########################0###### =020 ##$$a 978-602-7996-97-7 =082 ##$$a 372.076 =084 ##$$a 372.076 ULI p =100 #$$a Ulin Nuha Masruchin =245 1#$$a Paket Super Drill : Soal-Soal Ulangan Harian SMP/MTS Kelas viii /$c Ulin Nuha Masruchin =260 ##$$a Yogyakarta :$b Trans Idea Publishing,$c 2015 =300 ##$$a 284 hlm : $b ilus. ; $c 24 cm =650 ##$$a Soal-Soal Latihan -SMP =700 #$$a Oni Pluntur Artiono =990 ##$$a 1035610356 =990 ##$$a 1035610356 =990 ##$$a 1035610356 =990 ##$$a 1035610356 =990 ##$$a 1035610356 =990 ##$$a 21704281 =990 ##$$a 01201710356 =990 ##$$a 01201710357 =990 ##$$a 01201710358 =990 ##$$a 01201710359 =990 ##$$a 21704282 =990 ##$$a 01201710356 =990 ##$$a 01201710357 =990 ##$$a 01201710358 =990 ##$$a 21704281 =990 ##$$a 21704283 =990 ##$$a 01201710356 =990 ##$$a 01201710357 =990 ##$$a 21704282 =990 ##$$a 21704281 =990 ##$$a 21704284 =990 ##$$a 01201710356 =990 ##$$a 21704283 =990 ##$$a 21704282 =990 ##$$a 21704281 =990 ##$$a 21704285 =990 ##$$a 21704284 =990 ##$$a 21704283 =990 ##$$a 21704282 =990 ##$$a 21704281